| 000 | 02002nam0a2200373 4500 | ||
|---|---|---|---|
| 001 | RU\NLR\BIBL_A\022593963 | ||
| 005 | 20251015115008.0 | ||
| 010 |
_a978-5-9524-6390-5 _91500 |
||
| 021 |
_aRU _bКН-П-25-034100 _9КН-П-25-3371 |
||
| 035 | _a(NLR Aleph) 022593963 | ||
| 090 |
_a13538567 _c13538567 |
||
| 100 | _a20250731d2025 u y0rusy50 ca | ||
| 101 | 1 |
_arus _cger |
|
| 102 | _aRU | ||
| 105 | _aabc z 000yy | ||
| 181 | 0 |
_ai3 _baxxe |
|
| 182 | 0 | _an | |
| 200 | 1 |
_aВойна разведок. Тайные операции спецслужб Германии _fРайнхард Гелен _gперевод с немецкого В. Г. Чернявского, Ю. Д. Чупрова |
|
| 203 |
_aТекст _bвизуальный _cнепосредственный |
||
| 210 |
_aМосква _cЦентрполиграф _d2025 |
||
| 215 |
_a427, [2] c., [8] л. ил., портр., карт _cтабл. _d21 |
||
| 300 | _aЗагл. и авт. ориг.: Der Dienst Erinnerungen / Reinhard Gehlen | ||
| 300 | _aНа 1-й с. обл. авт.: Райнхард Гелен, генерал-лейтенант вермахта, глава Федеральной разведывательной службы Германии | ||
| 313 | _aПредыд. изд. 2023 | ||
| 333 | _a16+ | ||
| 454 | 0 |
_12001#$aDer Dienst Erinnerungen$fReinhard Gehlen _1700#1$aGehlen$bR.$gReinhard$f1902-1979$3RU\NLR\AUTH\77115729 _tDer Dienst Erinnerungen _aGehlen, Reinhard (1902-1979) |
|
| 517 | 1 | _aТайные операции спецслужб Германии | |
| 606 | 1 |
_aРазведка (воен.) немецкая _jВоспоминания, записки и т.п _xИстория _z1942 - 1971 _92171257 _3RU\NLR\AUTH\661306097 |
|
| 686 | 1 | _aЦ68,8(4Г)-1,013 | |
| 700 | 1 |
_7ca _8rus _aГелен _bР. _f1902-1979 _gРайнхард _9116226 _3RU\NLR\AUTH\776272 |
|
| 942 | _cBOOK | ||
| 980 | _aNB | ||